Η θρησκεία : τέσσερις μελέτες

Αποθηκεύτηκε σε:
Λεπτομέρειες βιβλιογραφικής εγγραφής
Κύριος συγγραφέας: Kant, Immanuel, 1724-1804
Μορφή: Βιβλίο
Γλώσσα:Greek
German
Δημοσίευση: Αθήνα : Αναγνωστίδης, [19--?].
Θέματα:
Ετικέτες: Προσθήκη ετικέτας
Δεν υπάρχουν, Καταχωρήστε ετικέτα πρώτοι!

MARC

LEADER 00000cam a2200000 i 4500
001 1/85244
008 050913m19601970gr | ||| |||| ||gre||
035 |l 10080229 
040 |a GR-MY-UA  |b gre  |e aacr 
041 1 |a gre  |h ger 
082 7 |a 142.3   |2 (22) 
100 1 |a Kant, Immanuel,   |d 1724-1804. 
245 1 2 |a Η θρησκεία :   |b τέσσερις μελέτες /   |c Immanuel Kant.  
260 |a Αθήνα :   |b Αναγνωστίδης,   |c [19--?].  
300 |a 108 σ. ;   |c 20 εκ. 
500 |a Με: Δοκίμια / Immanuel Kant. - Προλεγόμενα σε κάθε μελλοντική μεταφυσική που μπορεί να παρουσιαστεί σαν γνώση. - Immanuel Kant.  
650 0 0 |a Philosophy and religion. 
852 |a INST  |b RHODES  |c KRI  |e 20050913  |h  142.3 KAN  |p 005400028101  |q 005400028101  |t BK  |y 0 
901 |a BIBL4-2005-3 
909 |a Ρ  |b 122408 
970 |a ΣΙΔΕΡΗ  |b ΝΕΚΤΑΡΙΑ  |z 2005/09/14